00602nam a2200157 a 4500003000200000005001700002008004100019050003000060100001800090245009200108260009000200300004000290504004100330650003800371650003500409020250208100514.0130125s19uu xx 00 eng d aPHS GV 706.4 b.L478 2012 aLee, Ki Ryang aThe level of sports enthusiasm of male and female high school students /cLee Ki Ryang. aLas Piñas City, Philippines :bSouthville International School and Colleges,c2012. a26 pages :billustrations ;c28 cm. aIncludes bibliographical references. aSportsxSex differencesxAnalysis aHigh school studentsxAnalysis